[Event "Olympiad-36"]
[Site "Mallorca"]
[Date "2004.10.18"]
[Round "4"]
[White "Solak, Dragan"]
[Black "Kacheishvili, Giorgi"]
[Result "1/2-1/2"]
[WhiteElo "2563"]
[BlackElo "2599"]
[Annotator "Mikhalevski,V"]
[PlyCount "114"]
[EventDate "2004.10.15"]
[EventType "team-swiss"]
[EventRounds "14"]
[EventCountry "ESP"]
[SourceTitle "CBM 104"]
[Source "ChessBase"]
[SourceDate "2005.01.27"]
[SourceVersion "1"]
[SourceVersionDate "2005.01.27"]
[SourceQuality "1"]
[WhiteTeam "Yugoslavia"]
[BlackTeam "Georgia"]
[WhiteTeamCountry "YUG"]
[BlackTeamCountry "GEO"]

1. e4 c6 2. d4 d5 3. exd5 cxd5 4. c4 Nf6 5. Nc3 e6 6. Nf3 {The Panov attack of
Caro-Cann is a very popular setup, which arises after different move orders.}
Be7 7. cxd5 Nxd5 8. Bd3 {The arising position is also similar to the Queen's
Gambit Accepted.} O-O 9. O-O Nc6 10. Re1 Bf6 11. Be4 Nce7 12. Qc2 g6 {[%cal
Gf6g7,Gb7b6,Gc8b7] Black prepares a retreat of the dark-squared bishop to g7.}
13. Bh6 $1 Re8 {A very uncommon move. Playing 13...Re8 Black has to be agreed
to play a position with a pawn down, which is partly compensated by a pair of
bishops.} (13... Bg7 {is the main line.} 14. Bxg7 (14. Qd2 $5) (14. Bg5 {
doesn't promise opening advantage yet since Spassky-Petrosian.} f6 $1 15. Bd2
Bd7 16. Qb3 (16. h4 Bc6 17. h5 Nf5 18. hxg6 hxg6 19. g4 Nfe7 $10) 16... Bc6 $10
17. Bxd5 (17. Re2 Qd7 $10) 17... exd5 18. Ne4 Rf7 19. Nc5 Nf5 20. h3 Bf8 21.
Ne6 Qd7 22. Nxf8 Rfxf8 23. Bb4 Rfe8 24. Rxe8+ Rxe8 25. Re1 Rxe1+ 26. Bxe1 {
1/2-1/2 Spassky,B-Petrosian,T/Moscow 1966/MainBase/[Bulletin] (26)}) 14... Kxg7
15. Rac1 ({An interesting idea was demonstrated by Tal:} 15. Bxd5 Nxd5 16. Nxd5
Qxd5 17. Re5 Qd6 18. Rd1 f6 19. Rc5 Bd7 20. Nd2 Bc6 21. Nc4 Qf4 22. Ne3 {
White wants to exploit an exposed position of the black king.} Rad8 23. Rc4 Qd6
24. h4 Rf7 25. h5 Bd5 26. Rc5 Qf4 27. Nxd5 exd5 28. Rc8 Rxc8 29. Qxc8 Re7 30.
h6+ $1 Qxh6 31. Qd8 Rf7 32. Qxd5 $16 {Although I believe Black's play can be
improved. 1-0 Tal,M-Bagirov,V/Soviet Union 1967/MCD (57)}) 15... b6 16. Nxd5 $1
{N} exd5 17. Bd3 Nf5 18. Qc7 $14 {1-0 Kempinski,R-Cyborowski,L/Warsaw POL 2004/
CBM101[Mikhalevski,V] (28)}) 14. Qb3 $1 {This is the problem when you play Re8.
Now after exchanges on d5 the rook will be hanging.} b6 $5 {Black sacrifices
the d5-pawn in hope to compensate a pawn by the strong light-squared bishop.} (
14... Nxc3 {with the idea} 15. bxc3 Nf5 $5 {is interesting. Although the
position looks dangerous for Black White still has to prove his superiority.} (
15... Qc7 $6 16. Rad1 (16. Ne5 $5) 16... Rd8 17. g3 a5 $6 18. Bf4 $16 {1-0
Kurass,I-Chistiakov,A/Kiev 1998/EXT 2000 (40). (39)}) 16. Bxf5 ({In case of} 
16. Bf4 {Black completes development by means of} Nd6 $1 17. Bd3 b6 18. Ne5 Bb7
) 16... exf5 (16... gxf5 {exposes the king.}) 17. Rxe8+ Qxe8 18. Re1 Qd8 19.
Ne5 Be6 $132 {[%csl Ra2]}) 15. Nxd5 exd5 16. Bxd5 Nxd5 17. Rxe8+ $1 (17. Qxd5
Be6 {is worse for White.}) 17... Qxe8 18. Qxd5 Be6 {I believe this is the
position Kacheishvili was striving for playing 13...Re8.} 19. Qe4 Rc8 $1 {
Black takes control over the open c-file.} 20. Qf4 Bh8 21. h4 (21. b3 $5 {
Prophylaxis on the queenside was useful.}) 21... Qb5 ({or} 21... Bd5 22. Ne5 $1
) 22. Rc1 $1 {A clever way to protect the b2-pawn.} Rxc1+ {After exchange of
the rooks Black experiences problems with the last rank.} (22... Re8 $5) 23.
Qxc1 Bg7 {This move leads to a favourable for White exchange of bishops. The
arising position is very interesting. Will the light-squared bishop compensate
an isoliani on d4?} 24. b3 (24. a3 $2 {returns a pawn.} Bxh6 25. Qxh6 Qxb2 {
and Black is at least not worse.}) 24... a5 25. Qf4 $5 {[%cal Gf4b8]} ({
The staightforward} 25. Bxg7 Kxg7 26. Qg5 {deserved a serious attention.} Qxg5
27. hxg5 f6 ({or} 27... a4 28. Nd2 $5 $16 {[%cal Gf2f3,Gg1e3] and White
retains an extra pawn and brings his king to the centre.}) 28. Kf1 Bd5 29.
gxf6+ Kxf6 {and White still has to solve serious technical problems.}) 25...
Bxh6 26. Qxh6 {[%cal Gf3g5]} f6 {Preventing Ng5.} 27. Qf4 Kg7 28. g4 $1 {
The Q+N compbination is very strong in attack and so Solak intends to open the
position of the black king.} h6 $6 {A very dangerous move.} ({I think Black
had to look for escape at thye endgame after} 28... Qc6 $5 29. g5 Bd5) 29. g5
$1 hxg5 30. hxg5 fxg5 31. Nxg5 $16 {I believe White's advantage should be
enough for a win.} Bg8 (31... Bf5 $2 {is bad in view of} 32. Qc7+ Kh6 33. Nf7+)
({After} 31... Qd5 32. Nxe6+ Qxe6 {which seems to be the best practical
chances White would still have to demonstrate a good technique.}) 32. Ne4 $2 {
It turns out that after this inaccurate move Black is able to keep a draw at
the endgame.} (32. Qc7+ $1 Kh6 33. f4 $1 $16 {[%csl Rh6][%cal Gc7e5,Gc7e7,
Gc7d8] looks strong and both the king on h6 and the bishop on g8 are in danger.
}) 32... Qf5 $1 {The best practical chance. The queens has to be traded to
prevent attack on the black king.} 33. Qxf5 (33. Qe5+ $2 {leads to a draw in
view of the vulnerability of the White's queenside.} Qxe5 34. dxe5 a4 $1 35.
bxa4 Bxa2 {[%csl Ra4][%cal Ga2b3]} 36. Nd6 ({or} 36. f4 Bb3 37. Nc3 Kf7 38. Kf2
Ke6 $11 {[%cal Gg6g5] with the idea of g5 and White can't win.}) 36... Bb3 37.
Nc8 Bxa4 38. Nxb6 Bc6 {[%cal Gg7f7,Gf7e6,Gg6g5]}) 33... gxf5 34. Nc3 {This way
White prevents a4.} f4 $1 {Otherwise White plays f4 and fixes the f-pawn on f5.
} 35. Kf1 {[%cal Gf1d3] The king goes to d3.} (35. Ne2 a4 $1 36. bxa4 Bxa2 37.
Nxf4 Bb3 {and the b-pawn offers counter chances.}) (35. Kg2 {is senseless in
view of} Kf6 36. Kf3 Kf5) 35... Kf6 36. Ke2 Kf5 37. Kd3 Bf7 38. Ne4 ({It's
also not easy to break Black's defense after} 38. d5 Ke5 39. Kc4 Be8) 38... Bg6
$1 {[%cal Gf5g4,Gg4f3,Gf5e6,Ge6d5]} 39. Nd2 {[%cal Gd2c4]} b5 $1 40. Kc3 Ke6 $1
{[%cal Ge6d5] Planning Kd5 and b4+.} 41. a4 {This leads to exchange of the
queenside pawns and in the arising position White doesn't have enough
resources to win. However it's not easy to offer anything better.} bxa4 42.
bxa4 Be8 43. Nc4 ({Doesn't help} 43. Ne4 Bg6 $1 44. Nc5+ Kd5 {[%cal Gg6e8]} 45.
f3 Bh5 $1 46. Nd3 Bxf3 47. Nxf4+ Kd6 48. Nd3 Bc6 49. Nc5 Kd5 {with a draw.})
43... Bxa4 44. Nxa5 Kd5 {[%cal Gd5e4,Ge4f3]} 45. Nb7 {[%cal Gb7c5]} Bb5 ({
Of course not} 45... Ke4 $4 46. Nc5+ {[%csl Ra4,Re4]}) 46. Nc5 Be2 47. Kd2 Bc4
(47... Kxd4 $4 {loses to} 48. Kxe2 Kxc5 49. Kf3 $18) 48. Kc3 Be2 49. Nd7 Ke4
50. Ne5 Kd5 51. Ng6 Ke4 52. Ne5 Kd5 53. Nd7 Ke4 54. Nf6+ Kf5 55. Kd2 Bf1 56.
Nd7 Ke4 57. Kc3 Be2 {White can't make progress and so a draw was agreed.}
1/2-1/2

[Event "POL-ch"]
[Site "Warsaw"]
[Date "2004.04.29"]
[Round "6"]
[White "Kempinski, Robert"]
[Black "Cyborowski, Lukasz"]
[Result "1-0"]
[WhiteElo "2586"]
[BlackElo "2565"]
[Annotator "Mikhalevski,V"]
[PlyCount "57"]
[EventDate "2004.04.24"]
[EventType "tourn"]
[EventRounds "13"]
[EventCountry "POL"]
[EventCategory "12"]
[SourceTitle "CBM 101"]
[Source "ChessBase"]
[SourceDate "2004.07.27"]
[SourceVersion "1"]
[SourceVersionDate "2004.07.27"]
[SourceQuality "1"]

1. d4 Nf6 2. c4 e6 3. Nf3 d5 4. Nc3 c5 {Black's trying to play Tarrash, but
eventually the game transposes into the Panov attack of Caro-Cann.} 5. cxd5
Nxd5 6. e3 Nc6 7. Bd3 cxd4 8. exd4 {Here we go. The Panov attack is on the
board.} Be7 9. O-O O-O 10. Re1 Bf6 11. Be4 Nce7 12. Qc2 g6 13. Bh6 Bg7 14. Bxg7
{Exchange of the dark-squared bishops should be in White's favour as Black
remains with the "bad" light-squared bishop and also the dark-squares are weak.
} ({White also tested} 14. Bg5) 14... Kxg7 15. Rac1 {The most logical. White
prepares an exchange of the knights in order to penetrate with the pieces to
the 7th rank. Strangely enough this idea has been tried only once.} ({White
got nothing after} 15. Ne5 b6 16. Nxd5 exd5 17. Bf3 Be6 18. Rac1 Rc8 19. Qa4 a5
20. h3 Qd6 21. a3 Rxc1 22. Rxc1 Rc8 23. Rxc8 Bxc8 24. Qe8 Be6 25. Bg4 {
although a few precise moves were needed:} h5 26. Bxe6 Qxe6 27. Nd7 Nf5 28.
Qf8+ Kh7 29. Ne5 {1/2-1/2 Kavalek-Hort, Nice ol 1974.}) 15... b6 16. Nxd5 $1 {
Certainly this is better than 16. Bxd5.} ({In the only preceding game White
played} 16. Bxd5 {, but after} Nxd5 17. Nxd5 Qxd5 18. Re5 Qd6 19. Qe4 Bd7 20.
Qe3 Rac8 {Black solved opening problems which can't be said about White:). The
d4-pawn is weak and he managed to escape for a draw only by counterattack on
the kingside which in fact worked only because of an inaccurate play of Black.}
21. Re1 Bc6 (21... h6 $5) 22. Rh5 $1 Bxf3 (22... gxh5 23. Qg5+ Kh8 24. Qf6+ Kg8
$11) 23. Qh6+ Kf6 24. gxf3 (24. Qg5+ Kg7 $11) 24... Ke7 25. Qg5+ Kd7 26. Rxh7
Qxd4 27. Qb5+ Ke7 $15 {1/2-1/2 Kristensen,B-Jelling,E/Denmark 1988/EXT 97 (35).
(34)}) 16... exd5 ({Probably in case of} 16... Nxd5 {White planned} 17. Qc6 Ba6
(17... Rb8 18. Bxd5 Bb7 $140 $2 19. Qxb7 $1 Rxb7 20. Bxb7) 18. Bxd5 Qxd5 19.
Qxd5 exd5 20. Rc7 $14 {and White is slightly better as his knight is superior
over the black bishop.}) 17. Bd3 Nf5 ({Also after} 17... Bf5 {White would play}
18. Qc7 $1 {leaving black with a "bad" bishop.} Bxd3 19. Rxe7 $16 {with the
idea Ne5.} Rc8 $140 20. Rxf7+ $1 Rxf7 21. Qxc8) 18. Qc7 $14 {The point of the
15.Rac1. White manged to penetrate to the 7th rank and is now better.} Nd6 19.
Re7 Bg4 $6 {This move allows to bring the knight to e5 with a tempo.} ({Or} 
19... Bf5 20. Bxf5 Nxf5 21. Rd7 Qxc7 22. Rcxc7) ({Perhaps} 19... Be6 {was a
tougher defense taking in consideration that} 20. Rxe6 $2 {is strongly met by}
Rc8 $1) 20. Qxd8 Rfxd8 21. Ne5 Be6 (21... Rdc8 22. Rxc8 Bxc8 {left more
chances for a successful defense.}) 22. Rcc7 {White creates a threat of Rxe6
and Rxa7 and thus wins a pawn.} Rac8 {The only chance is to look for
counterplay.} 23. Rxa7 $6 {White underestimates Black's counterplay.} (23. Kf1
$1 {was better.}) 23... Rc1+ 24. Bf1 Nb5 $4 {This blunder ends the game.} ({
It was necessary to play} 24... Kf6 $1 {with the idea Nb5.} 25. Rec7 Rb1 {
and the threats of Rxb2 and Nb5 allow black to equalize.}) {It turns out that
Black missed a simple} 25. Nxf7 $1 {Now Black's just two pawns down.} Re8 {
After this Black loses a piece, but his position was already lost anyway.} ({
Not much better} 25... Bxf7 26. Rxf7+ Kg8 27. Rg7+ {and White wins easily.})
26. Nd8+ $1 Rxe7 27. Rxe7+ Kf8 28. Rxe6 Nxd4 29. Re3 ({Of course not} 29. Rxb6
$4 Ne2+) 1-0

[Event "Rohde op 09th"]
[Site "Sautron"]
[Date "2009.10.31"]
[Round "9"]
[White "Potkin, Vladimir"]
[Black "Pruess, David"]
[Result "1-0"]
[WhiteElo "2615"]
[BlackElo "2389"]
[Annotator "Primel,D"]
[PlyCount "55"]
[EventDate "2009.10.24"]
[EventType "swiss"]
[EventRounds "9"]
[EventCountry "FRA"]
[SourceTitle "EXT 2010"]
[Source "ChessBase"]
[SourceDate "2010.11.25"]
[SourceVersion "1"]
[SourceVersionDate "2010.11.25"]
[SourceQuality "1"]

1. d4 Nf6 2. Nf3 e6 3. c4 c5 4. e3 cxd4 5. exd4 d5 6. Nc3 Be7 7. cxd5 {Une
position "Tabya" а laquelle on peut arriver а partir de plusieurs ouvertures
différentes} Nxd5 8. Bd3 (8. Bc4 {l'alternative}) 8... Nc6 9. O-O O-O 10. Re1 {
[%cal Ge1e3,Ge3g3]} (10. a3) (10. Qe2) 10... Nf6 (10... Bf6 {L'alternative}) (
10... Ncb4 11. Bb1 $16) 11. a3 (11. Bg5) 11... b6 12. Bg5 (12. Bc2 {[%cal
Gd1d3,Gc1g5,Gd3h7]} Ba6 13. Bg5 Rc8 14. Rc1 Nd5) 12... Bb7 13. Bc2 (13. Bb1)
13... Rc8 14. Qd3 {[%csl Rh7][%cal Gg5f6]} g6 15. Rad1 $1 {[%cal Gd4d5]} (15.
Rac1 $6 {avec un P isolé, la R est mieux placée en d1 pour soutenir la poussée
d4d5 tout en évitant les échanges de R sur la colonne "c"}) (15. Bh6) (15. h4)
15... Re8 (15... Nd5 16. Bh6 Re8 17. Ba4 $16 (17. h4 $5 {Ribli,Z (2595)
-Gheorghiu,F (2540) Warsaw zt final 1979 (4) 1/2})) 16. h4 $36 Na5 (16... a6 {
Kavalek,L-Larsen,B Solingen m 1970 (6) 1-0}) (16... Nd5) 17. Ne5 Nd5 18. Ba4 $1
f6 (18... Nxc3 $142 19. bxc3 Qd5 {[%csl Rg2]}) 19. Nxg6 $1 (19. Qh3 $5 {
[%csl Re6][%cal Gh3e6,Gh4h5]} Nc7 (19... fxe5 20. Qxe6+ Kh8 21. Qxe5+ Kg8 22.
Bxe8) (19... fxg5 20. Qxe6+ Kg7 21. Bxe8 Qxe8 22. Nxd5 $18) 20. Bxe8 Qxe8 21.
b4 fxg5 22. bxa5) 19... fxg5 20. Bxe8 Qxe8 21. Rxe6 hxg6 22. Rxg6+ Kf8 23. Rh6
(23. Nxd5) 23... Nf6 24. hxg5 Ng8 25. Rh8 Nc4 {la dernière faute} 26. Re1 Nxb2
27. Qh7 Qf7 28. Rxg8+ 1-0

[Event "EU-Cup 05th final"]
[Site "Moscow"]
[Date "1986.12.11"]
[Round "5.2"]
[White "Beliavsky, Alexander G"]
[Black "Karpov, Anatoly"]
[Result "1/2-1/2"]
[WhiteElo "2585"]
[BlackElo "2705"]
[Annotator "RR"]
[PlyCount "84"]
[EventDate "1986.12.10"]
[EventType "team-match"]
[EventRounds "2"]
[EventCountry "URS"]
[SourceTitle "EXT 2020"]
[Source "ChessBase"]
[SourceDate "2019.10.17"]
[SourceVersion "1"]
[SourceVersionDate "2019.10.17"]
[SourceQuality "1"]
[WhiteTeam "Trud"]
[BlackTeam "Moscow CSKA"]
[WhiteTeamCountry "URS"]
[BlackTeamCountry "RUS"]

1. e4 c6 2. c4 d5 3. exd5 cxd5 4. cxd5 Nf6 5. Nc3 Nxd5 6. Nf3 Nc6 7. d4 e6 8.
Bd3 (8. Bc4 $5) 8... Be7 9. O-O O-O 10. Re1 Nf6 11. a3 (11. Bg5) 11... b6 12.
Bg5 Bb7 13. Bc2 {[%cal Gd1d3,Gd3h7,Gg5f6]} Rc8 (13... Nd5 14. Qd3 (14. h4)) 14.
Qd3 g6 15. Rad1 Nd5 16. Bh6 $36 Re8 17. Ba4 a6 $6 (17... Nxc3 $142 18. bxc3
Bxa3 19. c4 Bf8 $13) (17... Bf8) 18. Nxd5 Qxd5 (18... exd5 $5) 19. Qe3 Bf6 20.
Bb3 Qd7 $5 {Tentative d'amélioration du Champion du Monde sur une de ses
vieilles parties} (20... Qh5 $143 $2 21. d5 $40 {Smyslov,V (2620)-Karpov,A 
(2540) URS-ch39 Leningrad 1971 (9) 1-0}) 21. d5 $1 exd5 22. Qxb6 Rxe1+ 23. Rxe1
Bxb2 24. Bxd5 Bg7 25. Bxg7 Kxg7 26. h4 $5 {[%cal Gh4h5]} Qxd5 $1 27. Qxb7 Rb8
28. Qxa6 Rb3 29. Qa4 Rc3 30. Re3 Rc4 31. Qb3 Nd4 $1 32. Qb2 (32. Nxd4 Rc1+ 33.
Kh2 Qxd4 34. g3 Qd1 35. Qxd1 Rxd1 {Beliavsky,A}) 32... Kh6 33. Ne5 Rc2 34. Qb8
Kg7 35. h5 Nf5 36. Re1 gxh5 37. Nf3 Qc5 38. Qe5+ Qxe5 39. Rxe5 Rc1+ 40. Kh2 Kf6
41. Rb5 Ra1 42. Rb6+ Kg7 1/2-1/2

[Event "POL-chT 66th"]
[Site "Katowice"]
[Date "2010.09.08"]
[Round "5"]
[White "Gdanski, Jacek"]
[Black "Kuczynski, Robert"]
[Result "1-0"]
[WhiteElo "2542"]
[BlackElo "2511"]
[Annotator "RR"]
[PlyCount "69"]
[EventDate "2010.09.04"]
[EventType "team-tourn"]
[EventRounds "9"]
[EventCountry "POL"]
[SourceTitle "EXT 2016"]
[Source "ChessBase"]
[SourceDate "2015.10.08"]
[SourceVersion "1"]
[SourceVersionDate "2015.10.08"]
[SourceQuality "1"]
[WhiteTeam "Katowice Szopienice"]
[BlackTeam "Wroclaw AZS WSB"]
[WhiteTeamCountry "POL"]
[BlackTeamCountry "POL"]

1. c4 c6 2. e4 d5 3. exd5 cxd5 4. d4 Nf6 5. Nc3 e6 6. Nf3 Be7 (6... Bb4 {
Tomczak,J (2533)-Hera,I (2586) POL-chT Katowice 2010 (5) 1-0}) 7. cxd5 (7. Bd3)
7... Nxd5 8. Bd3 Nc6 9. O-O O-O 10. Re1 Bf6 11. Be4 (11. a3 $5 Nxc3 12. bxc3 b6
13. h4 Bxh4 {Trop risqué} 14. Nxh4 Qxh4 15. Re3 {[%csl Rh7][%cal Ge3h3]})
11... Nce7 12. Qc2 {[%csl Rh7]} (12. Qd3 g6 13. Bh6 Bg7 14. Bxg7 Kxg7 15. Rac1
$32) (12. Ne5) 12... h6 {Une position critique car il est difficile de choisir
avec l'alternative g6 qui affaiblit les cases Noires} (12... g6 13. Bh6 Re8 14.
Qb3 b6 15. Nxd5 exd5 16. Bxd5 Nxd5 17. Rxe8+ Qxe8 18. Qxd5 Be6 19. Qe4 Rc8 20.
Qf4 Bh8 21. h4 Qb5 22. Rc1 Rxc1+ 23. Qxc1 Bg7 24. b3 a5 25. Qf4 Bxh6 26. Qxh6
f6 27. Qf4 Kg7 28. g4 h6 29. g5 hxg5 30. hxg5 fxg5 31. Nxg5 Bg8 32. Ne4 Qf5 33.
Qxf5 gxf5 34. Nc3 f4 35. Kf1 Kf6 36. Ke2 Kf5 37. Kd3 Bf7 38. Ne4 Bg6 39. Nd2 b5
40. Kc3 Ke6 41. a4 bxa4 42. bxa4 {Solak,D (2563)-Kacheishvili,G (2599)
Mallorca 2004 1/2-1/2}) 13. Qe2 (13. Ne5) 13... Nf5 (13... Bd7 14. Bb1 Bc6 15.
Qd3 $36 {[%csl Rh6,Rh7];Starostits,I (2482)-Fluvia Poyatos,J (2449) Balaguer
op 14th 2009 (10) 1/2}) 14. Nxd5 $146 (14. Qd3 Nb4 15. Qc4 a5 {Gdanski,J (2540)
-Polak,T (2525) Ostrava Cup 1998 (10) 1-0}) 14... exd5 15. Bc2 Nd6 16. Bf4 $32
Re8 17. Ne5 Bf5 18. Bb3 Be6 19. Qh5 $16 Bg5 20. Bg3 Rc8 21. f4 $1 {[%csl Ge5]
[%cal Gf4f5]} Bf6 22. Re2 Rc7 23. Rf1 $36 {[%cal Gf4f5]} g6 24. Qf3 (24. Qxh6
Nf5) 24... Ne4 25. Be1 Qc8 26. h3 h5 27. f5 $1 $40 {[%csl Rd5,Rh5]} gxf5 28.
Qxh5 Kg7 29. Bh4 Bxh4 {[%csl Re6] Après cet échange, les Noirs vont souffrir
sur cases Noires} (29... Rh8 30. Bxf6+ Kxf6 31. Qf3) 30. Qxh4 Rh8 31. Qf4 Qd8
32. Nd3 Rc8 33. Nc5 Qf6 $6 34. Nxe4 Qxd4+ $2 35. Qf2 1-0

[Event "Madrid"]
[Site "Madrid"]
[Date "1995.??.??"]
[Round "3"]
[White "Salov, Valery"]
[Black "Beliavsky, Alexander G"]
[Result "1/2-1/2"]
[WhiteElo "2715"]
[BlackElo "2650"]
[Annotator "Salov,V"]
[PlyCount "81"]
[EventDate "1995.05.??"]
[EventType "tourn"]
[EventRounds "9"]
[EventCountry "ESP"]
[EventCategory "16"]
[SourceTitle "CBM 047"]
[Source "ChessBase"]
[SourceDate "1995.08.01"]
[SourceVersion "1"]
[SourceVersionDate "1995.08.01"]
[SourceQuality "1"]

1. c4 {Baburin} c6 2. e4 d5 3. exd5 cxd5 4. d4 Nf6 5. Nc3 e6 6. Nf3 Be7 7. cxd5
Nxd5 8. Bd3 O-O 9. O-O Nc6 10. Re1 Nf6 11. a3 b6 12. Bg5 Bb7 13. Bc2 Nd5 $5 {N}
14. Qd3 (14. h4 $5) 14... g6 15. h4 $6 (15. Bh6 $142) 15... Bxg5 $1 16. Nxg5 (
16. hxg5 Nxc3 17. bxc3 Na5 $1 {קg5}) 16... Nce7 $1 {Black threatens to play
Nd5-f4.} 17. Qf3 (17. Qd2 {Baburin}) 17... Nxc3 (17... Nf5 $2 18. Bxf5 exf5 19.
Re5 Nxc3 20. Qxb7 Qxd4 21. Nf3 $18) 18. Qxb7 Ncd5 19. Qa6 {Baburin:Otherwise
the Queen could be in trouble after a7-a5.} Rc8 20. Be4 Rc7 21. Rad1 Nf6 22.
Bb1 Qd5 23. Nf3 Qc4 24. Qxc4 Rxc4 25. Ne5 Rcc8 26. g4 {Baburin: An endgame
with the isolated pawn is in Black's favour, so White has to play actively.}
Rfd8 27. Kg2 Nc6 $1 28. g5 Nh5 $1 29. Nxc6 $8 (29. Kf3 $2 Rxd4 30. Nxc6 Rf4+
$19) 29... Rxc6 30. Rd2 Rcd6 31. Red1 Nf4+ 32. Kf3 Nd5 33. Rc1 Ne7 34. Rc7 Nc6
35. d5 $1 $10 exd5 36. Ba2 Kg7 37. Kg3 a6 38. Rxd5 Rxd5 39. Bxd5 Rxd5 40. Rxc6
Rd3+ 41. f3 1/2-1/2

[Event "Belgrade op FIDE"]
[Site "Belgrade"]
[Date "1984.10.??"]
[Round "4"]
[White "Seret, Jean Luc"]
[Black "Andrijevic, Milan"]
[Result "1-0"]
[WhiteElo "2390"]
[BlackElo "2370"]
[Annotator "Seret,JL"]
[PlyCount "59"]
[EventDate "1984.10.??"]
[EventType "swiss"]
[EventRounds "9"]
[EventCountry "YUG"]
[SourceTitle "EXT 2020"]
[Source "ChessBase"]
[SourceDate "2019.10.17"]
[SourceVersion "1"]
[SourceVersionDate "2019.10.17"]
[SourceQuality "1"]
[TimeControl "50/9000:16/5400:0"]

1. Nf3 d5 2. c4 e6 3. d4 Nf6 4. Nc3 c5 5. cxd5 Nxd5 {Ouverture : Gambit Dame,
variante semi-Tarrasch} 6. e3 Nc6 7. Bd3 cxd4 8. exd4 Be7 9. O-O O-O 10. a3 a6
11. Re1 Bf6 (11... Nxc3 12. bxc3 b5 13. Qc2 g6 14. Bh6 Re8 15. h4 Ra7 16. h5
Bf8 17. Qd2 Bxh6 18. Qxh6 Qf6 19. a4 bxa4 20. Rxa4 Ne7 21. Ng5 Qg7 22. Qxg7+
Kxg7 23. h6+ Kg8 24. Ne4 Rd8 25. Nf6+ Kh8 26. Ng4 {1/2-1/2 (26) Rubinetti,J 
(2445)-Paglilla,C (2300) Quilmes 1980}) 12. Be4 {Le Fou cède la case d3 а la
Dame et se prépare éventuellement а s'échanger contre le Cd5} Qd6 $146 (12...
Ra7 13. Qd3 h6 14. Bd2 b5 15. Ne5 Bxe5 16. dxe5 Nde7 17. Qxd8 Rxd8 18. Be3 Nd4
19. Rad1 Rad7 20. Bxd4 Rxd4 21. f4 g5 22. fxg5 hxg5 23. Kf2 Kg7 {1/2-1/2 (23)
Metz,W-Westphal,R Germany 1975}) 13. Qd3 g6 14. Bxd5 {Les N ont établi un
barrage sur les cases blanches, donc le Fou blanc de ces cases s'échange
contre un Cavalier pour tenter une invasion des cases noires.} exd5 15. Bh6 Rd8
16. Qe3 Be6 17. Bg5 Bxg5 18. Qxg5 Kg7 19. Re2 h6 20. Qh4 Ne7 21. Rae1 $36 {
[%csl Ge1,Ge2] Les Tours blanches sont clairement plus actives que les noires
et les Blancs sont dirigés vers l'aile Roi.} Nf5 22. Qg4 b5 ({Préférable eut
été} 22... Ne3 $142 23. Qg3 Qxg3 24. hxg3 Nc4 25. Na4 b6 {avec seulement un
petit avantage blanc}) 23. Rxe6 $1 {[%csl Rg6] Sacrifice de qualité pour
affaiblir le Pion g6 et déclencher l'attaque} fxe6 24. Ne5 Ne7 ({Choix
difficile. Plus résistant eut été} 24... g5 25. Qh5 Ra7 26. Qg6+ Kf8 27. Qf6+
Kg8 28. Nc6 (28. Ng6 Ng7 29. Rxe6 Qxe6 30. Qxd8+ Ne8 31. Ne5 {avec une
relative égalité} Rc7 $13) 28... Qxc6 29. Qxd8+ $16) 25. Ne2 Rg8 {Les N se
décident а défendre g6 mais après la chute du Pion e6, leur partie va
s'écrouler tactiquement} (25... Rf8 $14) 26. Nf4 Kh7 27. Nf7 $1 {un gain de
temps important qui vise h6 avec le Cavalier et e6 avec la Tour} Qd7 28. Nxe6 {
Menace le gain de Dame par Ce6g5+} Nf5 {Les Noirs ont poussé un Ouf de
soulagement mais c'est le moment où la position explose} 29. Nxh6 $1 Rge8 (
29... Nxh6 30. Ng5+ {gagne la Dame}) (29... Kxh6 30. Qh3+ {fait mat}) 30. Nxf5
({Les Noirs abandonnent car} 30. Nxf5 Rxe6 31. Rxe6 Qxe6 32. Qh3+ Kg8 33. Nh6+
{perd la Dame}) 1-0